Гармонический анализ несинусоидальных периодических сигналов на основе решетчатых периодических функций: диссертация на соискание ученой степени кандидата технических наук; спец. 05.13.01

Bibliografiske detaljer
Hovedforfatter: Аврамчук В. С. Валерий Степанович
Institution som forfatter: Томский политехнический университет
Andre forfattere: Цапко Г. П. Геннадий Павлович (научный руководитель)
Sprog:russisk
Udgivet: Томск, [Б. и.], 2005
Fag:
Format: MixedMaterials Bog
KOHA link:https://koha.lib.tpu.ru/cgi-bin/koha/opac-detail.pl?biblionumber=88429

MARC

LEADER 00000nbm0a2200000 4500
001 88429
005 20231031102628.0
035 |a (RuTPU)RU\TPU\book\94913 
090 |a 88429 
100 |a 20051226j20051214k y0rusy50 ca 
101 0 |a rus 
102 |a RU 
105 |a a m 001zy 
200 1 |a Гармонический анализ несинусоидальных периодических сигналов на основе решетчатых периодических функций  |e диссертация на соискание ученой степени кандидата технических наук  |e спец. 05.13.01  |f В. С. Аврамчук  |g Томский политехнический университет ; науч. рук. Г. П. Цапко 
210 |a Томск  |c [Б. и.]  |d 2005 
215 |a 162 л.  |c ил. 
229 |a Защищена 14.12.2005 г. 
320 |a Библиогр.: с. 115-126 (132 назв.) 
610 1 |a несинусоидальные периодические сигналы 
610 1 |a гармонический анализ 
610 1 |a дискретное преобразование Фурье 
610 1 |a метод мгновенной спектральной плотности 
610 1 |a метод синхронного детектирования 
610 1 |a программные комплексы 
610 1 |a разработка 
610 1 |a низкочастотные радиоизлучения 
610 1 |a исследование 
610 1 |a диссертации 
610 1 |a труды учёных ТПУ 
675 |a 621.372:51(04)  |v 3 
686 |a 05.13.01  |2 oksvnk 
700 1 |a Аврамчук  |b В. С.  |c специалист в области автоматики и компьютерной техники, кандидат технических наук  |c доцент Томского политехнического университета  |f 1978-  |g Валерий Степанович  |2 stltpush  |3 (RuTPU)RU\TPU\pers\25928 
702 1 |a Цапко  |b Г. П.  |c специалист в области автоматики и компьютерных систем  |c профессор Томского политехнического университета, доктор технических наук  |f 1949-  |g Геннадий Павлович  |2 stltpush  |3 (RuTPU)RU\TPU\pers\22020  |4 727 
712 0 2 |a Томский политехнический университет  |2 stltpush  |3 (RuTPU)RU\TPU\col\376 
801 1 |a RU  |b 63413507  |c 20051226  |g PSBO 
801 2 |a RU  |b 63413507  |c 20111109  |g PSBO 
942 |c BK